000 00774nam a2200241 a 4500
001 43606
003 BD-RjUL
005 20211209053725.0
008 160625s1947 pk b 001 0 eng d
035 _a(BD-RjUL) 43724
040 _aHDC
_cHDC
_dMYG
_dBD-RjUL
_beng
041 _aeng
082 _223
_a332.42
_bMAH 1947
100 1 _aMalhotra, D. K.
_q(Daya Krishan)
_9134091
245 1 0 _aHistory and problems of Indian currency, 1835-1959 :
_ban introductory study /
_cD. K. Malhotra
250 _a4th ed.
260 _aLahore :
_bThe Minerva Book Shop,
_c1947
300 _aix, 304 p. :
_bill. ;
_c22 cm.
504 _aBibliography: p. 283-286 and index.
650 0 _aMoney
_zIndia
_xHistory.
_9134092
650 0 _aCurrency question
_zIndia.
_9134093
942 _2ddc
_cBK
999 _c43606
_d43606